Gender in modern India : (Record no. 1309192)
[ view plain ]
| 000 -LEADER | |
|---|---|
| fixed length control field | 02243nam a22002417a 4500 |
| 005 - DATE AND TIME OF LATEST TRANSACTION | |
| control field | 20250530162137.0 |
| 008 - FIXED-LENGTH DATA ELEMENTS--GENERAL INFORMATION | |
| fixed length control field | 250419b |||||||| |||| 00| 0 eng d |
| 020 ## - INTERNATIONAL STANDARD BOOK NUMBER | |
| International Standard Book Number | 9780198900788 |
| 040 ## - CATALOGING SOURCE | |
| Original cataloging agency | SDCL |
| Transcribing agency | SDCL |
| 041 ## - LANGUAGE CODE | |
| Source of code | eng |
| Language code of text/sound track or separate title | eng |
| 084 ## - COLON CLASSIFICATION NUMBER | |
| Classification number | Y15.2'P R4 |
| 245 ## - TITLE STATEMENT | |
| Title | Gender in modern India : |
| Remainder of title | History, culture, marginality |
| 260 ## - PUBLICATION, DISTRIBUTION, ETC. | |
| Place of publication, distribution, etc. | New Delhi : |
| Name of publisher, distributor, etc. | Oxford University Press, |
| Date of publication, distribution, etc. | 2024. |
| 300 ## - PHYSICAL DESCRIPTION | |
| Extent | xvi, 347p. |
| 520 ## - SUMMARY, ETC. | |
| Summary, etc. | Gender in Modern India brings together pioneering research on a range of themes including social reforms, caste, and contestations; Adivasis, patriarchy, and colonialism; capitalism, political economy, and labour; masculinity and sexuality; health, medical care, and institution building; culture and identity; and migration and its new dynamics. Commissioned in remembrance of the prolific social historian Biswamoy Pati, this volume examines the gender question through a multilayered and multi-dimensional frame in which interdisciplinarity and intersectionality play an important role. Using case studies on gender from diverse geographies—east, west, north, south, and northeast; community locations—Hindu, Muslim, and Christian; and marginalized socio-economic or ethnic habitations such as those of Dalits and Adivasis, the contributors highlight the complexities and diversities of women's negotiations of patriarchies in varied social, ethnic, and community contexts. Collectively, the chapters in this volume focus on three related and overlapping settings—colonial, colonial and postcolonial continuum, and postcolonial. They delineate the multiple lives of gender by focusing on its intersections with other markers of difference including race, class, caste, sexuality, culture, ethnicity, region, and occupation, thereby questioning stereotypes, challenging dated notions and interpretations of gender, and demonstrating the ubiquity of patriarchy. |
| 650 ## - SUBJECT ADDED ENTRY--TOPICAL TERM | |
| Topical term or geographic name entry element | Social Science / Customs & Traditions |
| 9 (RLIN) | 811277 |
| 650 ## - SUBJECT ADDED ENTRY--TOPICAL TERM | |
| Topical term or geographic name entry element | Social Science / Feminism & Feminist Theory |
| 9 (RLIN) | 811259 |
| 650 ## - SUBJECT ADDED ENTRY--TOPICAL TERM | |
| Topical term or geographic name entry element | Social Science / General |
| 9 (RLIN) | 811278 |
| 650 ## - SUBJECT ADDED ENTRY--TOPICAL TERM | |
| Topical term or geographic name entry element | Social Science / Women's Studies |
| 9 (RLIN) | 811276 |
| 700 ## - ADDED ENTRY--PERSONAL NAME | |
| Personal name | Singh, Lata |
| 9 (RLIN) | 752468 |
| 700 ## - ADDED ENTRY--PERSONAL NAME | |
| Personal name | Sinha, Shashank Shekhar |
| 9 (RLIN) | 275127 |
| 942 ## - ADDED ENTRY ELEMENTS (KOHA) | |
| Source of classification or shelving scheme | Colon Classification (CC) |
| Koha item type | Textual |
| Suppress in OPAC | No |
| Withdrawn status | Lost status | Source of classification or shelving scheme | Damaged status | Not for loan | Home library | Current library | Date acquired | Source of acquisition | Inventory number | Total Checkouts | Full call number | Barcode | Date last seen | Date last checked out | Price effective from | Koha item type |
|---|---|---|---|---|---|---|---|---|---|---|---|---|---|---|---|---|
| Colon Classification (CC) | South Campus Library | South Campus Library | 2025-04-19 | Pioneer Book Distributor | 64, 11/12/2024, INR 1495.00 | 1 | Y15.2'P R4 | SC1690695 | 2025-12-11 | 2025-12-10 | 2025-04-19 | Textual |
